The Wreck of the Zanzibar (Запис № 17953)

000 -Маркер запису
Контрольне поле сталої довжини 01624nam a22002417a 4500
003 - Належність контрольного номера
Контрольне поле Uzh_bibl
008 - Кодовані дані
Контрольне поле сталої довжини 260525b |||||||| |||| 00| 0 ukr d
020 ## - Індекс ISBN
ISBN 978-1-4052-5595-0
Ціна 100.00
040 ## - Джерело каталогіз.
Код мови каталог. укр.
041 ## - Код мови видання
Код мови оригіналу англійська
Код мови тексту англійська
080 ## - Індекс УДК
Індекс УДК 821(410)
090 ## - Шифри
Поличний індекс 821(410)
Авторський знак М 83
100 ## - Автор
Автор Morpurgo, Michael
245 ## - Назва
Назва The Wreck of the Zanzibar
Фізичний носій Text
260 ## - Вихідні дані
Місце видання London
Видавництво Egmont
Дата видання 2010
300 ## - Фізичний опис
Обсяг 102 s.
520 ## - Анотація
Анотація A gripping children’s story from War Horse author and former Children's Laureate Michael Morpurgo.<br/><br/><br/>“We all knew what was going to happen. We’d seen it before. A ship about to founder staggers before she falls. A huge wave broke over her stern and she did not come upright again.” Life on the Scilly Isles in 1907 is bleak and full of hardship. Laura’s twin brother, Billy, disappears, and then a storm devastates everything. It seems there’s little hope. But then the Zanzibar is wrecked on the island’s rocks, and everything changes . . .<br/><br/><br/>The Wreck of the Zanzibar is a gripping historical adventure from the author of An Eagle in the Snow, Listen to the Moon, Shadow, and An Elephant in the Garden. Michael Morpurgo has written more than one hundred books for children and won the Whitbread Award, the Smarties Award, the Circle of Gold Award, the Children’s Book Award and has been short-listed for the Carnegie Medal four times.
521 ## - Примітка про цільове призначення
Примітка про цільове призначення Для підлітків
525 ## - Примітка про додаток
Примітка про додаток Для старшого шкільного віку
546 ## - Примітка про мову
Примітка про мову укр.
650 ## - Тематичні рубрики
Основна рубрика Літературно-художне видання
942 ## - ADDED ENTRY ELEMENTS (KOHA)
Джерело класифікації чи схема поличного розташування
Koha item type Книги
Фонди
Статус вилучення Статус втрати/відсутності Джерело класифікації чи схема поличного розташування Статус пошкодження Тип обігу (не для випозичання) Постійне розташування Поточне розташування Дата надходження Джерело надходження (постачальник) Інвентарний номер Total Checkouts Повний (примірниковий) шифр зберігання Штрих-код Date last seen Дата, для якої чинна ціна заміни Тип одиниці (рівень примірника)
          Бібліотека-філія № 1 для дітей Бібліотека-філія № 1 для дітей 23/04/2026 Подаровані 80871   821(410) 19436 26/05/2026 26/05/2026 Книги

Працює на АБІС Коха